| 000 | 01507cam a2200373 a 4500 | ||
|---|---|---|---|
| 001 | 3073173 | ||
| 003 | OSt | ||
| 005 | 20140310181742.0 | ||
| 008 | 971024s1998 cau b 001 0 eng | ||
| 010 | _a 97045277 | ||
| 020 | _a0803965249 (cloth : acidfree paper) | ||
| 020 | _a0803965257 (pbk. : acidfree paper) | ||
| 040 |
_aDLC _cDLC _dDLC |
||
| 043 | _an-us--- | ||
| 050 | 0 | 0 |
_aLC 225.3 _b.M395 1998 |
| 082 | 0 | 0 |
_aTR 371.9 _bM39 1998 |
| 100 | 1 |
_aMcEwan-Adkins, Elaine K., _d1941- _91151 |
|
| 245 | 1 | 0 |
_aHow to deal with parents who are angry, troubled, afraid, or just plain crazy / _cElaine K. McEwan. |
| 260 |
_aThousand Oaks, Calif. : _bCorwin Press, _cc1998. |
||
| 300 |
_a94 p. ; _c24 cm. |
||
| 521 | _aFaculty | ||
| 541 | _j1 | ||
| 541 | _j2 | ||
| 562 | _e2 | ||
| 650 | 0 |
_aHome and school _zUnited States. _91152 |
|
| 650 | 0 |
_aEducation _xParent participation _zUnited States. _91153 |
|
| 650 | 0 |
_aParents _zUnited States _xPsychology. _91154 |
|
| 856 | 4 | 2 |
_3Publisher description _uhttp://www.loc.gov/catdir/enhancements/fy0658/97045277-d.html |
| 856 | 4 | 1 |
_3Table of contents only _uhttp://www.loc.gov/catdir/enhancements/fy0658/97045277-t.html |
| 856 | 4 | 2 |
_3Contributor biographical information _uhttp://www.loc.gov/catdir/enhancements/fy0734/97045277-b.html |
| 906 |
_a7 _bcbc _corignew _d1 _eocip _f19 _gy-gencatlg |
||
| 942 |
_2lcc _cBK-TR _kTR |
||
| 999 |
_c2824 _d2824 |
||